| 000 | 00928pam a2200277 a 4500 | ||
|---|---|---|---|
| 001 | 4384 | ||
| 005 | 20240816152556.0 | ||
| 020 | _a9780545621601 | ||
| 040 |
_aDLC _cDLC _dDLC _beng |
||
| 050 | 0 | 0 |
_aGB662.D67 _b1991 |
| 082 | 0 | 0 | _a551.48 |
| 100 | 1 | _aDorros, Arthur | |
| 245 | 1 | 0 |
_aFollow the water from brook to ocean / _cwritten and illustrated by Arthur Dorros |
| 250 | _aFirst edition | ||
| 260 |
_aNew York : _bScholastic ; _c1991 |
||
| 300 |
_a32 pages : _bcolor illustrations ; _c19 cm . |
||
| 490 | _aLet's-Read-and-Find-Out Science | ||
| 505 | _aO | ||
| 520 | _aExplains how water flows from brooks, to streams, to rivers, over waterfalls, through canyons and dams, to eventually reach the ocean. | ||
| 521 |
_a600
_bLexile |
||
| 521 |
_aO
_bRaz-Plus |
||
| 650 | 0 |
_aWater _xJuvenile literature. |
|
| 650 | 1 | _aWater. | |
| 906 |
_a7 _bcbc _corignew _d1 _eocip _f19 _gy-gencatlg |
||
| 942 |
_2ddc _cBK _n0 |
||
| 999 |
_c4384 _d4384 |
||